Nombra las características geográficas más grandes de Europa - Estadísticas

Estadísticas generales
  • Esta prueba ha sido intentada 126 veces
    120 desde el último reinicio
  • La puntuación promedio es 10 de 25
Estadísticas de respuestas
Países en los que se encuentra Respuesta % Correcto
Rumanía, Ucrania, Moldavia, Bulgaria, Serbia, Croacia, Hungría, Eslovaquia, Austria, Alemania Danubio
91%
España, Portugal, Andorra, Francia, Reino Unido Península Ibérica
90%
Rusia Volga
84%
Grecia, Serbia (Kosovo), Bosnia-Herzegovina, Montenegro, Croacia, Eslovenia, Bulgaria, Rumanía, Macedonia del norte, Albania, Turquía Pemnínsula de los Balcanes
76%
Islandia Islandia
75%
Reino Unido, Irlanda Irlanda
71%
Noruega, Suecia, Finlandia Península Escandinava
71%
Reino Unido Gran Bretaña
69%
Rusia, Kazajistán Ural
54%
Ucrainia, Bielorrusia, Rusia Dnieper
45%
Rusia Elbrús
42%
Italia, San Marino, Ciudad deñ Vaticano Península Apenina (o Italiana)
38%
Rusia Ladoga
28%
Rusia Península de Kola
28%
Rusia Don
22%
Rusia Onega
19%
Estonia, Rusia Peipus
13%
Noruega Spitsbergen
8%
Rusia Dij-Tau
6%
Rusia Koshtan-Tau
6%
Finlandia Saimaa
6%
Suecia Vänern
6%
Rusia, Georgia Kazbek
5%
Rusia, Georgia Shjara
5%
Rusia Severny
4%
No se encontraron pruebas coincidentes
Distribución de puntuación
Porcentaje de gente con cada puntuación
Porcentaje por número respondido
Historial de tus puntuaciones
No has intentado esta prueba desde el último reinicio